Datum a čas kvízu
28.5
Celkem bodů
Celkový počet nahraných bodů na tomto kvízu bez doplňovacích otázek.
7.
Pořadí na kvízu
Konečné umístění týmu na tomto kvízu.
Zaznamenané odpovědi
| # | Otázka | Odpověď | Body | Výsledky |
|---|---|---|---|---|
| 1. | Od 13. ledna si mohou návštěvn... | Napoleon Bonaparte | 0 | |
| 2. | Na fotografii vidíme uměle vyb... | v Londýně | 1 | |
| 3. | Minulý týden nás zaskočil jede... | Karlos Vémola, Lela Ceterová | 1 | |
| 4. | Britský supermarket Morrisons... | D | 0 | |
| 5. | Minulý týden se konalo mistrov... | Tallinn | 0 | |
| 6. | V cestovatelském seriálu nás č... | Růžová hora | 0 | |
| 7. | Jedním z nejnavštěvovanějších... | ZOO | 1 | |
| 8. | Jak se nazývá pískovcová skaln... | Prachovské skály | 1 | |
| 9. | Které z těchto oblíbených zimn... | D | 0 | |
| 10. | Ve které obci najdeme vyhlášen... | v Dětenicích | 1 |